Économie de l'Entreprise Contemporaine

Gespeichert in:
Bibliographische Detailangaben
1. Verfasser: Betbeze, Jean-Paul
Format: Buch
Sprache:Französisch
Veröffentlicht: Paris Nathan 1989
Ausgabe:1. éd.
Tags: Tag hinzufügen
Keine Tags, Fügen Sie das erste Tag hinzu!

MARC

LEADER 00000nam a2200000 4500
001 c021628
005 20221215125942.1
041 0 |a fre 
044 |a FR 
245 1 0 |a Économie de l'Entreprise Contemporaine  |c Jean-Paul Betbeze 
250 |a 1. éd. 
264 1 |a Paris  |b Nathan  |c 1989 
300 |a 266 s. 
100 1 |a Betbeze, Jean-Paul